000 00988nam a2200289 i 4500
003 DO-SdBNP
005 20231019101328.0
007 ta
008 230719b2004 dr a|||| |||| 00| 0 spa d
020 _a9945850903
040 _aDO-SdBNP
_bspa
_cBNPHU
_erda
082 4 _a460.07
_bJ61i, 2004
_222
100 1 _aJiménez Díaz, Carlos,
_d1943-
_eautor
_91045
245 1 0 _aIncorrecciones al relieve /
_cCarlos Jímenez Díaz.
250 _a2a ed. revisada, ampliada y actualizada
264 1 _aSanto Domingo :
_bs.n.,
_c2004.
300 _a203 páginas ;
_c23 cm.
336 _2rdacontent
_atexto
_btxt
337 _2rdamedia
_asin mediación
_bn
338 _2rdacarrier
_avolumen
_bnc
500 _aIncluye datos biográficos del autor en solapa de la cubierta
590 _aInventariado, 2023/BT
650 4 _aEspañol
_xErrores de uso
_936962
650 4 _aEspañol
_xDialectos
_936963
_zRepública Dominicana
910 _aBtavárez/Validado. Control de calidad MFF
942 _2ddc
_cLBS1
999 _c54201
_d54201